| 000 | 00317pam a22001334a 4500 | ||
|---|---|---|---|
| 020 | _a046502646X | ||
| 040 | _cDLC | ||
| 082 | 0 | 0 | _a943 BAS 2000 A114 Or. |
| 100 | 1 | _aLarge, David Clay. | |
| 245 | 1 | 0 | _aBerlin / |
| 260 |
_aNew York : _bBasic Books, _cc2000. |
||
| 300 |
_axxvii, 706 p. : _bill. ; _c25 cm. |
||
| 942 | _cEK | ||
| 999 |
_c16722 _d16722 |
||